Science Quiz

Random Science Quiz
Score 0/21 Timer 05:00
0 Plays Today
Genetic Code Amino Acid % Correct
????
100%
????
99.6%
????
99.2%
????
97.5%
????
97.5%
????
97.5%
????
96.6%
????
95.4%
????
95.4%
????
95.4%
????
69.3%
Genetic Code Amino Acid % Correct
????
68.9%
????
66%
????
65.1%
????
65.1%
????
64.7%
????
64.3%
????
63.4%
????
63.4%
????
62.6%
????
62.2%
Remove Ads.
Support Sporcle.
Get the best of Sporcle when you Go Orange. This ad-free experience offers more features, more stats, and more fun while also helping to support Sporcle. Thank you for becoming a member.

You're not logged in!

Compare scores with friends on all Sporcle quizzes.
OR
Log In

Show Comments

Extras

Created Nov 18, 2010ReportNominate
Tags:ABR, Acid, amino, code, genetic

Top Quizzes Today


Score Distribution

Your Account Isn't Verified!

In order to create a playlist on Sporcle, you need to verify the email address you used during registration. Go to your Sporcle Settings to finish the process.

Report this User

Report this user for behavior that violates our Community Guidelines.

Details: